000 00521nam a2200193 a 4500
001 1754990646998
003 ACL
005 20250812153359.0
008 250812s2007##################000#0#eng##
020 _a9780300115550
082 0 4 _a722.2
_bMCK
100 1 _aMcKenzie, Judith,
_eauthor.
245 1 0 _aThe Architecture of Alexandria and Egypt, C. 300 B.C. to A.D. 700 :
260 _bYale University Press,
_c2007.
300 _a492 pages
650 0 _aArchitecture.
942 _cENGLISH
040 _aACL
_beng
_cACL
999 _c581498
_d581498